A Textbook of Engineering Mechanics : (Record no. 836)

000 -LEADER
fixed length control field 00681nam a2200241 a 4500
008 - FIXED-LENGTH DATA ELEMENTS--GENERAL INFORMATION
fixed length control field 191104r20062010ii a|||g |||| 001 0 eng d
020 ## - INTERNATIONAL STANDARD BOOK NUMBER
International Standard Book Number 9788121926164
Terms of availability Rs. 425.00
040 ## - CATALOGING SOURCE
Original cataloging agency IMU Kochi Library
Language of cataloging eng
041 0# - LANGUAGE CODE
Language code of text/sound track or separate title eng
044 ## - COUNTRY OF PUBLISHING/PRODUCING ENTITY CODE
MARC country code India
082 04 - DEWEY DECIMAL CLASSIFICATION NUMBER
Edition number 23
Classification number 620.1
Item number K529
100 1# - MAIN ENTRY--PERSONAL NAME
Personal name Khurmi, R. S.
245 10 - TITLE STATEMENT
Title A Textbook of Engineering Mechanics :
Sub Title SI Units /
250 ## - EDITION STATEMENT
Edition statement 20th rev. ed.
260 ## - PUBLICATION, DISTRIBUTION, ETC. (IMPRINT)
Place of publication, distribution, etc New Delhi :
Name of publisher, distributor, etc S. Chand & Company Ltd,
Date of publication, distribution, etc 2006, reprinted 2010
300 ## - PHYSICAL DESCRIPTION
Extent xii, 765 p. :
Other physical details col. ill. ;
Dimensions 24 cm.
504 ## - BIBLIOGRAPHY, ETC. NOTE
Bibliography, etc Includes index.
650 #0 - SUBJECT ADDED ENTRY--TOPICAL TERM
Topical term or geographic name as entry element Mechanics, Applied
Form subdivision Textbooks
650 #0 - SUBJECT ADDED ENTRY--TOPICAL TERM
Topical term or geographic name as entry element Dynamics
Form subdivision Textbooks
852 ## - LOCATION/CALL NUMBER
Location IMU Kochi Library
904 ## - LOCAL DATA ELEMENT D, LDD (RLIN)
CATALOGER Shine Joy
942 ## - ADDED ENTRY ELEMENTS (KOHA)
Item type Books
Holdings
Withdrawn status Lost status Source of classification or shelving scheme Damaged status Not for loan Collection code Permanent location Current location Shelving location Date acquired Source of acquisition Cost, normal purchase price Full call number Barcode Date last seen Koha item type Public note
          Engineering IMU Kochi Library IMU Kochi Library General Stacks 2010-09-16 M/S Kamath Book House (Inv. No. 57 Dt 2010-09-16) 425.00 620.1 K529 BK000090 2019-11-04 Books Gen. Shelf-11, Row-2
          Engineering IMU Kochi Library IMU Kochi Library General Stacks 2010-09-16 M/S Kamath Book House (Inv. No. 57 Dt 2010-09-16) 425.00 620.1 K529 BK000091 2019-11-04 Books Gen. Shelf-11, Row-2
          Engineering IMU Kochi Library IMU Kochi Library General Stacks 2011-09-23 Educational Publishers & Distributors (Inv. No. IN211 Dt 2011-09-23) 450.00 620.1 K529 BK000092 2019-11-04 Books Gen. Shelf-11, Row-2
          Engineering IMU Kochi Library IMU Kochi Library General Stacks 2011-09-23 Educational Publishers & Distributors (Inv. No. IN211 Dt 2011-09-23) 450.00 620.1 K529 BK000093 2019-11-04 Books Gen. Shelf-11, Row-2
          Engineering IMU Kochi Library IMU Kochi Library General Stacks 2011-09-23 Educational Publishers & Distributors (Inv. No. IN211 Dt 2011-09-23) 450.00 620.1 K529 BK000094 2019-11-04 Books Gen. Shelf-11, Row-2
          Gifted Collection IMU Kochi Library IMU Kochi Library General Stacks   Donated Books   620.1 K529 G0190 2019-11-04 Gratis Books Gen. Shelf-11, Row-2
          Gifted Collection IMU Kochi Library IMU Kochi Library General Stacks   Donated Books   620.1 K529 G0191 2019-11-04 Gratis Books Gen. Shelf-11, Row-2
          Gifted Collection IMU Kochi Library IMU Kochi Library General Stacks   Donated Books   620.1 K529 G0192 2019-11-04 Gratis Books Gen. Shelf-11, Row-2


Copyright © All Rights Reserved by Indian Maritime University, Kochi Campus.
For any Suggestions/Query Contact to library or Email: library.kochi@imu.ac.in Ph:(0484)-2989402
(Web OPAC Designed by Rudra Ranjan. Maintained by IMU Kochi Library)

Powered by Koha